02700njm a2200541 i 4500001000700000003000900007005001700016007001500033008004100048015001000089017005000099020001800149035002200167035002100189040002900210100004900239240002500288245008600313260004000399264001100439300005100450336004000501337002000541338002400561490005100585500001800636511022500654518004100879520038200920650003201302655002301334700009101357700004201448700003001490700004901520700003701569700003901606700003401645700004801679700004401727710003701771710003401808852011701842903002801959942001801987999001902005952013402024196108ES-MaACL20250904042301.0sd*fsngnnmmned240209s2007 sp opn d / ita  aSON07 aM 25699-2007bOficina Depósito Legal Madrid a9788496832657 a(OCoLC)1004297498 a(SpMaBN)a4580561 aSpMaBNbspacSpMaBNerdc1 aRossini, Gioachino, d1792-18689240542ednr1 aL'italiana in Algeri12aL'italiana in Algeri /cRossini ; libreto de Angelo Anelli h[Grabación sonora] aMadrid :bPrisa Innova, cD.L. 2007 a©2007 a2 discos (CD Audio) + e1 libro (76 páginas) 2rdacontentamúsica (interpretada) 2rdamediaaaudio 2rdacarrieravolumen1 aLos clásicos de la ópera, 400 años ;v29 aRemasterizado1 aLucia Valentini-Terrani, Ugo Benelli, Sesto Bruscantini, Enzo Dara, Norma Palacios-Rossi, Gigliola Caputi, Alfredo Mariotti ; Coro de la Ópera Estatal de Dresde ; Staatskapelle Dresden ; Gary Bertini, director musical. aGrabado en Dresde en febrero de 1978 aL'italiana in Algeri no hace nada para disimular su condición de disparate puro, de locura sin tapujos. El público del estreno, el 22 de mayo de 1813 en Venecia, aplaudió a más no poder y la calurosa acogida impuso definitivamente al joven compositor. Stendhal se refirió a la obra como "una locura organizada y completa, que hace olvidar toda la tristeza del mundo". 7aÓperas-9137584vLibretos 7aLibretos292422191 aAnelli, Angelo, d1761-1820- tL'italiana in Algeri- lEspañol-Italiano9238286elbt1 aValentini-Terrani, Lucia9238287eprf1 aBenelli, Ugo9238288eprf1 aBruscantini, Sesto, d1919-20039238289eprf1 aDara, Enzo, d1938-9238290eprf1 aPalacios-Rossi, Norma9238291eprf1 aCaputi, Gigliola9238292eprf1 aMariotti, Alfredo, d1932-20099238293eprf1 aBertini, Gary, d1927-20059238294emsd2 aDresdner Staatsopernchor92382952 aStaatskapelle Dresden9238296 aES-MaACLbR.155042cDEPOJjN-9824hDonación: Miren FernándezxEncuadernación cartonépVolumen 299205745 aFernández, Mirenednr cMONOGRAFIAn0 c196108d196108 00102udc4070aATENEOMbATENEOMcDEPOJd2025-05-22eDONACIONl0oN-9824p101230129r2025-05-22 00:00:00w2025-05-22yMONOGRAFIA